000 00739cam a22002413a 4500
001 12939
003 PGUSA
005 20140828083259.0
008 040719s2004||||xxu|||||s|||||000 1 eng d
040 _aPGUSA
_beng
042 _adc
050 4 _aPZ
100 1 _aDriscoll, James R.
245 1 4 _aThe Brighton Boys with the Submarine Fleet
_h[electronic resource] /
_cJames R. Driscoll
260 _bProject Gutenberg,
_c2004
506 _aPublic domain in the USA.
516 _aElectronic text
653 _aWorld War, 1914-1918 -- Naval operations -- Juvenile fiction
653 _aSubmarines (Ships) -- Juvenile fiction
830 0 _aProject Gutenberg
_v12939
856 4 0 _uhttp://www.gutenberg.org/ebooks/12939
942 _cEB
999 _c242194
_d242194